000 00832nam a2200229 a 4500
001 56137
003 BD-RjUL
005 20211209080346.0
008 161127s1973 bg ||||| |||| 00| 0 ben d
020 _cTk. 3.00
035 _a(BD-RjUL)56261
040 _aBD-RjUL
_bben
_cBD-RjUL
041 _aben
082 _223
_a891.442
_bMOD 1973
100 _aমনসুর-উর-রহমান, মুহাম্মদ
_9167115
245 _aদেবীসিংহ :
_b(ঐতিহাসিক নাটক) /
_cমনসুর-উর-রহমান মুহাম্মদ
260 _aবগুড়া :
_bসাহিত্য কুটির,
_c১৯৭৩.
300 _a১০৮ পৃ. ;
_c১৭ সেমি.
650 _aবাংলা নাটক
_9167116
650 _aBengali Drama
_9167117
942 _2ddc
_cBK
999 _c56137
_d56137